La vida simplemente

Uloženo v:
Podrobná bibliografie
Hlavní autor: Castro, Oscar (Autor)
Médium: Kniha
Jazyk:španělština
Vydáno: Santiago Andrés Bello 1997
Vydání:9a. ed
Témata:
Tagy: Přidat tag
Žádné tagy, Buďte první, kdo vytvoří štítek k tomuto záznamu!

MARC

LEADER 00000cam a2200000 a 4500
001 UCH9601
003 CL-VaPUC
008 100114e19970600CL |||||||||||||||||spa|d
020 |a 956130774X 
082 0 4 |a Ch863  |b CAS  |2 21 
100 0 |a Castro, Oscar  |e author  |9 330530 
245 1 3 |a La vida simplemente 
250 |a 9a. ed 
300 |a 183 p 
942 |c BK 
945 |d 20100114 00:00:00  |a dcastane 
260 |a Santiago  |b Andrés Bello  |c 1997 
650 0 |a Literatura chilena   |9 308278 
650 0 |a Novelas chilenas   |9 265425 
583 |a last modification  |c 20130725 05:23:36  |k Rodrigo Vera 
999 |c 339522  |d 339520